Пламъкът на Аврора (Запис номер 390888)
[ съкратено ]
| 000 -Лидер | |
|---|---|
| Контролно поле с фиксирана дължина | 01242nam a2200313 a 4500 |
| 003 - Код на организацията, давaща контролен номер | |
| Контролно поле | BLK |
| 005 - Дата и час на последна редакция | |
| Контролно поле | 20250203162833.0 |
| 008 - Елементи от данни с фиксирана дължина | |
| fixed length control field | 201029b bu |||||r|||| 00| | bu d |
| 020 ## - Международен стандартен номер на книга ISBN | |
| Международен стандартен номер на книга ISBN | 978-954-27-2442-1 |
| 040 ## - Източник на каталожния запис | |
| Идентификатор на билиотеката - собственик на записа | BLK |
| 041 ## - Код за език | |
| Код за езика на текст/звукозапис или на отделно заглавие | Български |
| Код за езика КДБФ | Български |
| 080 ## - УДК | |
| Текстов определител УДК | Австралийска литература |
| УДК код - определител по УДК | 821.111(94) |
| УДК определител | -311.9 |
| УДК - код + определител | 821.111(94)-311.9 |
| 100 ## - Редна дума - Автор | |
| R(LIN) | 346062 |
| Автор | Кауфман, Ейми |
| Авторска отговорност | първи автор |
| 139 ## - Редно поле | |
| Редна дума | Кауфман, Ейми и др. |
| Авторски знак | Кау - К 47 |
| 245 ## - Сведения за заглавието | |
| Заглавие | Пламъкът на Аврора |
| Редно поле (дума) | Ейми Кауфман, Джей Кристоф ; прев. от. англ. ез. Милена Илиева |
| 257 ## - Страна на издаване | |
| Страна на създаване/издаване | България |
| 260 ## - Област на издателските данни | |
| 9 (RLIN) | 209434 |
| Място на издаване, разпространение и проч. | София |
| Име на издателя, разпространителя и проч. | Егмонт България |
| Година на издаване | 2020 |
| Издателство - префикс ISBN | 978-954-27- ; 954-446- |
| 300 ## - Физическа характеристика | |
| Размери/Мащаб | 21 см |
| Страници | 432 с. |
| 380 ## - Жанр | |
| Жанр | Худож. лит. |
| 501 ## - Забележка „подвързано към” | |
| Забележка: Подвързано към... | Ориг. загл.: Aurora burning. - Ч. 2 от поредицата Аврора. |
| 700 ## - Други автори (авторска отговорност) | |
| Лично име | Илиева, Милена Мичева |
| Дати, свързани с автора | 1970- |
| 9 (RLIN) | 347914 |
| 700 ## - Други автори (авторска отговорност) | |
| 9 (RLIN) | 346063 |
| Лично име | Кристоф, Джей |
| Автороска отговорност (Описва отношението между автора и произведението) | съавт. |
| 852 ## - Местоположение | |
| Форматна сигнатура | Цб 304528 |
| Фондова буква | Хранилище |
| 999 ## - СИСТЕМНИ КОНТРОЛНИ НОМЕРА | |
| Koha biblionumber | 390888 |
| Koha biblioitemnumber | 390888 |
| 942 ## - АРТИКУЛИ | |
| Вид на библиотечния материал | Книги |
| Скрит в OPAC | Не |
| Периодичен библиозапис | Да |
| Koha issues (borrowed), all copies | 9 |
| 944 ## - СЪЗДАВАНЕ И РЕДАКЦИЯ на ЗАПИСА | |
| Създаване/Редакция | Създаване |
| Дата на регистрацията/редакция | 2020-10-29 |
| Служител, извършил регистрацията/редакцията | 30570 |
| Статус, дата на статуса | Моника Янева |
| 944 ## - СЪЗДАВАНЕ И РЕДАКЦИЯ на ЗАПИСА | |
| Създаване/Редакция | Редакция |
| Дата на регистрацията/редакция | 2020-11-21 |
| Служител, извършил регистрацията/редакцията | К.Д. |
| 999 ## - СИСТЕМНИ КОНТРОЛНИ НОМЕРА | |
| Koha biblioitemnumber | 390888 |
| 999 ## - СИСТЕМНИ КОНТРОЛНИ НОМЕРА | |
| Koha biblioitemnumber | 390888 |
| Код за отписване | Код за изгубен артикул | Източник на класификационната схема | Код за повреда | Коз за рестрикции | Код за отдаване | Артикулен № | Име на библиотеката - собственик | Име на библиотеката, в която се намира в момента | Статус (Текущо местоположение) | Дата на вписване в системата | Местоположение - отдел | Цена в лева | Систематично азбучна сигнатура | Баркод | Цена в евро | Служебен тип на артикула |
|---|---|---|---|---|---|---|---|---|---|---|---|---|---|---|---|---|
| Не е изгубен | Universal Decimal Classification | Не е повреден | само за читалня | ползва се в читалня | 805319 | Регионална библиотека "Любен Каравелов" Русе | Регионална библиотека "Любен Каравелов" Русе | Хранилище | 2020-11-18 | Хранилище | 14.90 | Цб 304528 | 120000849941 | 7.62 | Книги | |
| Не е изгубен | Universal Decimal Classification | Не е повреден | без рестрикции | заемане за дома | 838028 | Регионална библиотека "Любен Каравелов" Русе | Регионална библиотека "Любен Каравелов" Русе | Заемна - подръчен фонд | 2021-06-18 | Заемна - подръчен фонд | 11.18 | 821-31/К 47 Е | 120000856976 | 5.72 | Книги | |
| Не е изгубен | Universal Decimal Classification | Не е повреден | без рестрикции | заемане за дома | 838029 | Регионална библиотека "Любен Каравелов" Русе | Регионална библиотека "Любен Каравелов" Русе | Заемна - подръчен фонд | 2021-06-18 | Заемна - подръчен фонд | 11.18 | 821-31/К 47 Е | 120000856977 | 5.72 | Книги |